MARC

LEADER 00000nam0a2200000 4500
001 279923
005 20231101235245.0
020 |a RU  |b 86-56388 
035 |a (RuTPU)RU\TPU\book\303228 
090 |a 279923 
100 |a 20141224d1986 k y0rusy5003 ca 
101 0 |a rus 
102 |a UA 
105 |a y z 001zy 
200 1 |a Категориальные структуры познания и практики  |f В. Г. Табачковский [и др.]  |g Академия наук Украинской ССР (АН УССР), Институт философии 
210 |a Киев  |c Наукова думка  |d 1986 
215 |a 317 с. 
300 |a Авт. указаны на обороте тит. л. 
320 |a Библиогр.: с. 307-318 (300 назв.) 
606 1 |a Философские категории  |2 stltpush  |3 (RuTPU)RU\TPU\subj\63895  |9 80827 
606 1 |a Научное познание  |x Структурно-системный подход  |2 stltpush  |3 (RuTPU)RU\TPU\subj\68190  |9 83673 
610 1 |a категории 
610 1 |a теория познания 
610 1 |a структура 
610 1 |a практика 
610 1 |a категориальный аппарат 
610 1 |a сознание 
610 1 |a социальная память 
610 1 |a целеполагание 
610 1 |a единство 
686 |a Ю212.2/.8  |v LBC/SL-A  |2 rubbk 
686 |a Ю251.24  |v LBC/SL-A  |2 rubbk 
701 1 |a Табачковский  |b В. Г.  |g Виталий Георгиевич 
701 1 |a Булатов  |b М. А.  |g Михаил Александрович 
701 1 |a Андрос  |b Е. И.  |g Евгений Иванович 
701 1 |a Загороднюк  |b В. П. 
712 0 2 |a Академия наук Украинской ССР (АН УССР)  |b Институт философии  |2 stltpush  |3 (RuTPU)RU\TPU\col\12865 
801 0 |a RU  |b RuMRKP  |c 19960705  |g psbo 
801 1 |a RU  |b 63413507  |c 20141224 
801 2 |a RU  |b 63413507  |c 20170426  |g RCR 
942 |c BK